[Event "Florianopolis op 10th"]
[Site "Florianopolis"]
[Date "2024.01.23"]
[Round "5"]
[White "Carvalho, Eduardo Meireles"]
[Black "Cezar, Ricardo de Almeida"]
[Result "0-1"]
[WhiteElo "1476"]
[BlackElo "1809"]
[PlyCount "72"]
[EventDate "2024.01.20"]
[EventType "swiss"]
[EventRounds "10"]
[EventCountry "BRA"]
[SourceTitle "CB05_2024"]
[SourceDate "2024.01.31"]
[SourceVersion "1"]
[SourceVersionDate "2024.01.31"]
[SourceQuality "1"]

1. e4 c6 2. d4 d5 3. e5 Bf5 4. Bd3 Bxd3 5. Qxd3 e6 6. Nf3 Qa5+ 7. Bd2 Qa6 8. 0-0 Qxd3 9. cxd3 Ne7 10. Bb4 Nd7 11. Nc3 g6 12. Ne2 h5 13. h4 a5 14. Bd6 Bh6 15. g3 Nf5 16. b4 Nxd6 17. exd6 Bf8 18. bxa5 Rxa5 19. Rab1 Ra7 20. Ne5 Bxd6 21. f4 Bxe5 22. fxe5 Rxa2 23. Ra1 Rxa1 24. Rxa1 Ke7 25. Ra7 Rb8 26. Kf2 Nb6 27. Nc3 Kd7 28. Na4 Nxa4 29. Rxa4 Kc7 30. Ke2 Rc8 31. Kd2 Kb8 32. Kc3 b5 33. Ra5 Kb7 34. Kb3 Ra8 35. Kb4 Rxa5 36. Kxa5 Kc8 0-1

[Event "Catarinense-ch"]
[Site "Itajai"]
[Date "2023.11.25"]
[Round "4"]
[White "Rodrigues, Edgar"]
[Black "Cezar, Ricardo de Almeida"]
[Result "1-0"]
[WhiteElo "2250"]
[BlackElo "1832"]
[PlyCount "65"]
[EventDate "2023.11.24"]
[EventType "swiss"]
[EventRounds "6"]
[EventCountry "BRA"]
[SourceTitle "CB50_2023"]
[SourceDate "2023.12.13"]
[SourceVersion "1"]
[SourceVersionDate "2023.12.13"]
[SourceQuality "1"]

1. d4 d5 2. Nc3 Nf6 3. Bg5 e6 4. e4 dxe4 5. Nxe4 Bb4+ 6. c3 Be7 7. Bxf6 Bxf6 8. Nf3 b6 9. Bb5+ c6 10. Bd3 Bb7 11. Qe2 0-0 12. h4 g6 13. h5 Qe7 14. Qe3 c5 15. dxc5 Nd7 16. cxb6 axb6 17. hxg6 fxg6 18. Bc4 Bd5 19. Bxd5 exd5 20. Nxf6+ Qxf6 21. 0-0 Rae8 22. Qd3 Qc6 23. Rad1 Ne5 24. Nxe5 Rxe5 25. Rfe1 Ref5 26. Re2 Qc4 27. Qe3 Qc5 28. Rd4 Qc6 29. f3 Qc8 30. a3 Qd8 31. c4 b5 32. Rxd5 Rxd5 33. Qe6+ 1-0

[Event "Florianopolis op-A"]
[Site "Florianopolis"]
[Date "2023.09.24"]
[Round "6"]
[White "Cunha e Silva, Carlos Alberto V"]
[Black "Cezar, Ricardo de Almeida"]
[Result "1/2-1/2"]
[WhiteElo "2064"]
[BlackElo "1804"]
[PlyCount "23"]
[EventDate "2023.09.22"]
[EventType "swiss"]
[EventRounds "6"]
[EventCountry "BRA"]
[SourceTitle "EXT 2024"]
[Source "ChessBase"]
[SourceDate "2023.10.10"]
[SourceVersion "1"]
[SourceVersionDate "2023.10.10"]
[SourceQuality "1"]

1. e4 c6 2. d4 d5 3. Nc3 dxe4 4. Nxe4 Nd7 5. Nf3 Ngf6 6. Bd3 Nxe4 7. Bxe4 Nf6 8. Bd3 Bg4 9. Be3 e6 10. 0-0 Nd5 11. Bd2 Bd6 12. c4 1/2-1/2

[Event "Florianopolis op-A"]
[Site "Florianopolis"]
[Date "2023.09.23"]
[Round "2"]
[White "Rodrigues, Edgar"]
[Black "Cezar, Ricardo de Almeida"]
[Result "1-0"]
[WhiteElo "2296"]
[BlackElo "1804"]
[PlyCount "83"]
[EventDate "2023.09.22"]
[EventType "swiss"]
[EventRounds "6"]
[EventCountry "BRA"]
[SourceTitle "EXT 2024"]
[Source "ChessBase"]
[SourceDate "2023.10.10"]
[SourceVersion "1"]
[SourceVersionDate "2023.10.10"]
[SourceQuality "1"]

1. e4 c6 2. d4 d5 3. exd5 cxd5 4. c4 Nf6 5. Nc3 e6 6. Nf3 Bb4 7. cxd5 Nxd5 8. Bd2 Nc6 9. Bd3 0-0 10. 0-0 Be7 11. a3 Bf6 12. Be3 g6 13. Ne4 Bg7 14. Qe2 Nxe3 15. fxe3 e5 16. dxe5 Nxe5 17. Nxe5 Bxe5 18. Rad1 Qe7 19. Rf2 Bd7 20. Rdf1 Rae8 21. Qc2 Bc6 22. Nf6+ Bxf6 23. Rxf6 Qxe3+ 24. Kh1 Be4 25. Bxe4 Qxe4 26. Qf2 Qe3 27. Qc2 Rc8 28. Qb1 Rc7 29. Qd1 Qe5 30. R6f2 Re8 31. h3 Kg7 32. Qa4 a6 33. Qb4 Rd8 34. Qb3 Rdd7 35. Qb4 Rd4 36. Qb3 Qd5 37. Qb6 Qd6 38. Qb3 Qd5 39. Qb6 Rd7 40. Qf6+ Kg8 41. Rc2 Rc4 42. Rcc1 1-0

[Event "Catarinense-ch U20"]
[Site "Rio Negrinho"]
[Date "2023.03.25"]
[Round "4"]
[White "Do Valle Cardoso, Lucas"]
[Black "Cezar, Ricardo de Almeida"]
[Result "1-0"]
[WhiteElo "2250"]
[BlackElo "1765"]
[PlyCount "73"]
[EventDate "2023.03.24"]
[EventType "swiss"]
[EventRounds "6"]
[EventCountry "BRA"]
[SourceTitle "CBM 213 Extra"]
[Source "ChessBase"]
[SourceDate "2023.05.31"]
[SourceVersion "1"]
[SourceVersionDate "2023.05.31"]
[SourceQuality "1"]

1. e4 c6 2. c4 d5 3. exd5 cxd5 4. cxd5 Nf6 5. Qa4+ Nbd7 6. Nc3 g6 7. Bc4 Bg7 8. d3 0-0 9. Nge2 a6 10. Qa3 b6 11. 0-0 Bb7 12. Re1 b5 13. Bb3 Rc8 14. Nf4 Re8 15. Ne4 a5 16. Be3 a4 17. Bd1 Nxd5 18. Nxd5 Bxd5 19. Nc3 Bc6 20. Be2 e6 21. Qb4 Bf8 22. Qf4 b4 23. Ne4 e5 24. Qg3 h6 25. Rac1 Kh7 26. Bf3 f5 27. Ng5+ Kg7 28. Bxc6 f4 29. Qh3 Rxc6 30. Rxc6 hxg5 31. Ba7 Nf6 32. Qf3 g4 33. Qd1 Qd7 34. Qxa4 Ra8 35. Ra6 Qxa4 36. Rxa4 Bc5 37. Rxe5 1-0

[Event "Florianopolis Autumn op U2300"]
[Site "Florianopolis"]
[Date "2022.05.13"]
[Round "1"]
[White "Almeida Junior, Alvaro Alves de"]
[Black "Cezar, Ricardo de Almeida"]
[Result "1/2-1/2"]
[WhiteElo "2044"]
[BlackElo "1782"]
[PlyCount "85"]
[EventDate "2022.05.13"]
[EventType "swiss"]
[EventRounds "6"]
[EventCountry "BRA"]
[SourceTitle "CBM 208 Extra"]
[Source "ChessBase"]
[SourceDate "2022.07.31"]
[SourceVersion "1"]
[SourceVersionDate "2022.07.31"]
[SourceQuality "1"]

1. e4 c6 2. d4 d5 3. Nd2 dxe4 4. Nxe4 Nd7 5. Nf3 Ngf6 6. Ng3 e6 7. Bd3 Be7 8. 0-0 0-0 9. Re1 c5 10. c3 cxd4 11. cxd4 Nd5 12. Bd2 N7f6 13. Rc1 Bd7 14. Ne5 Rc8 15. Qb3 Qb6 16. Qxb6 Nxb6 17. Ne4 Rxc1 18. Rxc1 Bc8 19. Nxf6+ Bxf6 20. Be4 Be7 21. Bxb7 Bxb7 22. Rc7 Bd5 23. Rxe7 Bxa2 24. Rxa7 Bd5 25. Bb4 Ra8 26. Rxa8+ Bxa8 27. Bc5 Nd5 28. b4 f6 29. Nc4 Nc7 30. f3 Nb5 31. Kf2 Kf7 32. Ke3 h5 33. Kd3 Bc6 34. Ne3 Ke8 35. Ke2 g6 36. g4 Nc3+ 37. Kf2 hxg4 38. fxg4 g5 39. Nc4 Nd1+ 40. Kg3 Nc3 41. Kf2 Nd1+ 42. Ke1 Nc3 43. Kf2 1/2-1/2

[Event "BRA-ch U20"]
[Site "Concordia"]
[Date "2021.10.03"]
[Round "6"]
[White "Cezar, Ricardo de Almeida"]
[Black "De Oliveira, Wythor Rogerio"]
[Result "1/2-1/2"]
[WhiteElo "1738"]
[BlackElo "1521"]
[PlyCount "87"]
[EventDate "2021.09.30"]
[EventType "swiss"]
[EventRounds "6"]
[EventCountry "BRA"]
[SourceTitle "EXT 2023"]
[Source "ChessBase"]
[SourceDate "2022.10.05"]
[SourceVersion "1"]
[SourceVersionDate "2022.10.05"]
[SourceQuality "1"]

1. d4 d5 2. c4 c6 3. Nc3 Nf6 4. Nf3 Bf5 5. cxd5 Nxd5 6. Qb3 Qb6 7. Nxd5 Qxb3 8. Nc7+ Kd8 9. axb3 Kxc7 10. Bf4+ Kc8 11. Ne5 f6 12. Nc4 Nd7 13. f3 e6 14. e4 Bg6 15. Nd6+ Bxd6 16. Bxd6 Nb6 17. Bc5 Kc7 18. Bb4 Rhd8 19. Bc3 Bf7 20. g4 Nd7 21. Kf2 e5 22. Bc4 Bxc4 23. bxc4 exd4 24. Bxd4 Ne5 25. Bxe5+ fxe5 26. Rhd1 Rxd1 27. Rxd1 Rd8 28. Rxd8 Kxd8 29. h4 b5 30. c5 a5 31. Ke3 Kc7 32. Kd3 Kb7 33. Kc3 Ka6 34. b4 axb4+ 35. Kxb4 Kb7 36. Kb3 Kc7 37. Kc3 Kd7 38. Kb3 g5 39. h5 h6 40. Kb2 Kc7 41. Kc3 Kb7 42. Kb3 Ka7 43. Ka3 Ka6 44. Kb4 1/2-1/2

[Event "Timbo op"]
[Site "Timbo"]
[Date "2021.06.13"]
[Round "6"]
[White "Cezar, Ricardo de Almeida"]
[Black "Souza, Ramon Santana De"]
[Result "0-1"]
[WhiteElo "1744"]
[BlackElo "1819"]
[PlyCount "70"]
[EventDate "2021.06.11"]
[EventType "swiss"]
[EventRounds "6"]
[EventCountry "BRA"]
[SourceTitle "EXT 2022"]
[Source "ChessBase"]
[SourceDate "2021.10.06"]
[SourceVersion "1"]
[SourceVersionDate "2021.10.06"]
[SourceQuality "1"]

1. d4 d6 2. Bf4 g6 3. Nf3 Bg7 4. e3 Nc6 5. c3 Bg4 6. Be2 e5 7. dxe5 dxe5 8. Bg3 Qxd1+ 9. Bxd1 0-0-0 10. Nbd2 Bxf3 11. Bxf3 Nge7 12. h3 Nf5 13. Bxc6 bxc6 14. Bh2 h5 15. Nc4 f6 16. Ke2 Kb7 17. Rhd1 Nd6 18. Na3 Rd7 19. e4 Rhd8 20. f3 f5 21. exf5 gxf5 22. Bg3 Bf6 23. Bf2 Rg7 24. Rg1 Re8 25. g4 hxg4 26. hxg4 f4 27. Bc5 e4 28. Bxd6 cxd6 29. fxe4 Rxe4+ 30. Kf3 Re3+ 31. Kf2 Bh4+ 32. Kf1 Rge7 33. Nc4 Rf3+ 34. Kg2 Rf2+ 35. Kh1 Bg3 0-1

[Event "Timbo op"]
[Site "Timbo"]
[Date "2021.06.12"]
[Round "3"]
[White "Goncalves, Yuri Nikollas"]
[Black "Cezar, Ricardo de Almeida"]
[Result "0-1"]
[WhiteElo "1331"]
[BlackElo "1744"]
[PlyCount "60"]
[EventDate "2021.06.11"]
[EventType "swiss"]
[EventRounds "6"]
[EventCountry "BRA"]
[SourceTitle "EXT 2022"]
[Source "ChessBase"]
[SourceDate "2021.10.06"]
[SourceVersion "1"]
[SourceVersionDate "2021.10.06"]
[SourceQuality "1"]

1. e4 c5 2. Nc3 e6 3. Nf3 a6 4. d4 cxd4 5. Nxd4 Qc7 6. Be3 Nf6 7. a3 b5 8. Be2 Bb7 9. f3 Be7 10. Qd2 d5 11. exd5 Nxd5 12. Nxd5 Bxd5 13. 0-0 0-0 14. Rac1 Rd8 15. Bd3 Nd7 16. Rfd1 Ne5 17. Be2 Bc4 18. Qe1 Bxe2 19. Qxe2 Nc4 20. Kh1 Nxb2 21. Rd2 Nc4 22. Rdd1 Bxa3 23. Ra1 Bb2 24. Rab1 Nxe3 25. Qxe3 Bxd4 26. Rxd4 Qxc2 27. Re1 Rxd4 28. Qxd4 Qc4 29. Qd2 Rc8 30. Rd1 h6 0-1